000
00248nam a22001097a 4500
082
_a
153.93 SER'H
100
_a
SEREBRIAKOFF, VICTOR
_9
76460
245
_a
HOW INTELLIGENT ARE YOU?
260
_a
LONDON
_b
SPHERE
_c
1979
300
_a
126P
942
_c
BK
999
_c
581854
_d
581854